Teach yourself book keeping (Record no. 80921)
[ view plain ]
| 000 -LEADER | |
|---|---|
| fixed length control field | 00851nam a2200205 a 4500 |
| 008 - FIXED-LENGTH DATA ELEMENTS--GENERAL INFORMATION | |
| fixed length control field | 081121s2003 ||||||||||||||||| || u |
| 020 ## - INTERNATIONAL STANDARD BOOK NUMBER | |
| International Standard Book Number | 9780340859421 |
| 050 ## - LIBRARY OF CONGRESS CALL NUMBER | |
| Classification number | HF 5635 Lym |
| 100 ## - MAIN ENTRY--PERSONAL NAME | |
| Personal name | Lymer, Andrew |
| 245 10 - TITLE STATEMENT | |
| Title | Teach yourself book keeping |
| Statement of responsibility, etc. | Andrew, Lymer; Andrew, Piper |
| 260 ## - PUBLICATION, DISTRIBUTION, ETC. | |
| Place of publication, distribution, etc. | London: |
| Name of publisher, distributor, etc. | Hodder Arnold |
| Date of publication, distribution, etc. | 2003 |
| 300 ## - PHYSICAL DESCRIPTION | |
| Extent | x, 358p.: ill. |
| 350 ## - | |
| -- | 0.00 |
| 490 ## - | |
| -- | Teach yourself |
| 650 #0 - SUBJECT ADDED ENTRY--TOPICAL TERM | |
| Topical term or geographic name entry element | ACCOUNTING--HANDBOOKS, MANUALS, ETC |
| 650 ## - SUBJECT ADDED ENTRY--TOPICAL TERM | |
| Topical term or geographic name entry element | BOOKKEEPING |
| 700 ## - ADDED ENTRY--PERSONAL NAME | |
| Personal name | Piper, Andrew |
| 995 ## - | |
| -- | BINDERY (DAMAGED) |
| -- | 0.00 |
| -- | 739291 |
| -- | CBU-MAIN LIBRARY (Kitwe) |
| -- | 1 |
| -- | 75000.00 |
| -- | HF 5635 LYM |
| -- | 1 |
| -- | DAMAGED |
| -- | Jan 26, 2009 |
| -- | 739291 |
| -- | Main Library Open Access Collection |
| 995 ## - | |
| -- | BINDERY (DAMAGED) |
| -- | 0.00 |
| -- | 739292 |
| -- | CBU-MAIN LIBRARY (Kitwe) |
| -- | 1 |
| -- | 75000.00 |
| -- | HF 5635 LYM |
| -- | 2 |
| -- | DAMAGED |
| -- | Jan 26, 2009 |
| -- | 739292 |
| -- | Main Library Open Access Collection |
| 999 ## - | |
| -- | 80921 |
| -- | 80921 |
| Withdrawn status | Lost status | Source of classification or shelving scheme | Damaged status | Not for loan | Permanent Location | Current Location | Shelving location | Date acquired | Total Checkouts | Full call number | Barcode | Date last seen | Copy number | Price effective from | Koha item type |
|---|---|---|---|---|---|---|---|---|---|---|---|---|---|---|---|
| CBU-MAIN LIBRARY, KITWE. | CBU-MAIN LIBRARY, KITWE. | 07/11/2023 | HF 5635 Lym | 739291 | 07/11/2023 | 1 | 07/11/2023 | MONOGRAPH | |||||||
| CBU-MAIN LIBRARY, KITWE. | CBU-MAIN LIBRARY, KITWE. | 07/11/2023 | HF 5635 Lym | 739292 | 07/11/2023 | 2 | 07/11/2023 | MONOGRAPH |